000 01137cam a22003854a 4500
005 20260322212041.0
008 data
010 _a 2002021557
020 _a9780880488655 (alk. paper)
020 _a0880488654 (alk. paper)
040 _aDLC
_cDLC
_dVET
041 0 9 _aeng
042 _anlmcopyc
_anlmcopyc
044 _9United States
049 _aNLMM
050 0 0 _aRC483
_b.S37 2003
060 1 0 _aQV 77
_bS312m 2003
082 0 0 _a616.89/18
_221
100 1 _aSchatzberg, Alan F.
245 1 0 _aManual of clinical psychopharmacology /
_cAlan F. Schatzberg, Jonathan O. Cole & Charles DeBattista.
250 _a4th ed.
260 _aWashington, DC :
_bAmerican Psychiatric Pub.,
_cc2003.
300 _axxiv, 700 p. :
_bill. ;
_c21 cm.
504 _aIncludes bibliographical references and index.
650 1 2 _aPsychopharmacology
650 2 2 _aPsychotropic Drugs
_xpharmacology
650 2 2 _aMental Disorders
_xdrug therapy
700 1 _aCole, Jonathan O.
700 1 _aDeBattista, Charles.
986 _aJCY20030501
992 _pP2
_eE4
_a20030501
993 _aSRW
_b20030612
994 _aCDN
_b20030612
001 data
999 _c964
_d964